Country Quiz: Estonia 🇪🇪 - Statistics

General Stats
  • This quiz has been taken 25 times
  • The average score is 19 of 32
Answer Stats
Hint Answer % Correct
Time zones 1 (UTC+2)
100%
Language and Nationality Estonian
94%
Russia
94%
Roughly 30% of the population are of this ethnicity and fluent in this language Russian
94%
Between 1940-1990s, Estonia was annexed and forced into this union Soviet Union
94%
Capital Tallinn
94%
Currency Euro
88%
Modern-day Independence 1991
82%
Bordering Seas Baltic sea
82%
Bordering Countries Latvia
82%
Between 1939-45, roughly 7% of Estonian's population were killed in this war World War II
82%
Initial Independence 1918
76%
More than 50% of Estonia is covered in this Forest
76%
Member of this western military alliance NATO
76%
Second-Largest City Tartu
76%
Dubbed the Silicon Valley of Europe due to its high number of startups and unicorns, Estonia is where this video calling app and mobility app were founded Skype
71%
Member of this European fiscal / political alliance European Union
59%
National Sport Basketball
53%
Main Religion Christianity
53%
State-Condition Republic
47%
First female leader (2021-) Kaja Kallas
41%
Highly renowned leader (2006-16) Toomas Hendrik Ilves
41%
Bolt
35%
Founding Father and Most Famous Leader (1938-40) Konstantin Päts
35%
In 2005, Estonia became the first country ever to allow _______ voting for elections Online
35%
Famous Estonians 1. World-renowned composer (spiegel im spiegel, passio and fratres) 2. The man who discovered Antarctica Arvo Pärt
29%
National Animal Wolf
24%
Type of Government Parliamentary / Unitary
18%
Climate Temperate / Maritime
18%
The world-renowned cathedral situated in the capital Alexander Nevsky Orthodox Cathedral
12%
Main Lake Lake Peipus
12%
Fabian von Bellingshausen
0%
No matching quizzes found
Score Distribution
Percent of People with Each Score
Percentile by Number Answered
Your Score History
You have not taken this quiz